Súčasný stav a tendencie harmonizácie daní v krajinách EÚ

Informácia o zámeroch a cieľoch dizertačnej práce, obhajoba ktorej sa konala 24. septembra 2008.

Gespeichert in:
Bibliographische Detailangaben
1. Verfasser: Solík, Ján
Format: Buchkapitel
Sprache:Slowakisch
Schlagworte:
Tags: Tag hinzufügen
Keine Tags, Fügen Sie das erste Tag hinzu!

MARC

LEADER 00000naa$a2200000$$$4500
001 0097859
005 20240502072100.1
041 0 |a slo 
044 |a SK 
245 1 0 |a Súčasný stav a tendencie harmonizácie daní v krajinách EÚ  |c Ján Solík 
520 |a Informácia o zámeroch a cieľoch dizertačnej práce, obhajoba ktorej sa konala 24. septembra 2008. 
610 2 0 |a práce kvalifikačné 
610 2 0 |a harmonizácia 
610 2 0 |a sústava daňová 
610 2 0 |a Európska únia 
100 1 |a Solík, Ján